000 00610nam a2200241Ia 4500
003 OSt
005 20221005115506.0
006 a|||||r|||| 00| 0
007 ta
008 221004b |||||||| |||| 00| 0 mal d
024 _a46820
037 _cTextual
040 _aCRL
_cCRL
_bmal
041 _2mal
_amal
082 _aO32,2NKR3,1, J7
100 _aKarmachandran
_9627617
245 0 _aChe kultam mathem masnma
260 _c1957
300 _a74
_ccm.
650 _aMALAYALAM DRAMA
_9207189
942 _hO32,2NKR3,1, J7
_cTEXL
_2cc
999 _c1034993
_d1034993